Economic Planning And Policy (Record no. 109477)

MARC details
000 -LEADER
fixed length control field 00317pam a2200145 a 4500
020 ## - INTERNATIONAL STANDARD BOOK NUMBER
Terms of availability
041 ## - LANGUAGE CODE
Language code of original
082 ## - DEWEY DECIMAL CLASSIFICATION NUMBER
Classification number 330
Item number DES
100 ## - MAIN ENTRY--PERSONAL NAME
Personal name Desai
245 ## - TITLE STATEMENT
Title Economic Planning And Policy
Medium Textual Documents
260 ## - PUBLICATION, DISTRIBUTION, ETC.
Place of publication, distribution, etc. Mumbai
Name of publisher, distributor, etc. Himalay Publishing House
300 ## - PHYSICAL DESCRIPTION
Extent 592
700 ## - ADDED ENTRY--PERSONAL NAME
Personal name Bhalerao
930 ## - EQUIVALENCE OR CROSS-REFERENCE-UNIFORM TITLE HEADING [LOCAL, CANADA]
Uniform title 2646
Holdings
Withdrawn status Lost status Damaged status Not for loan Collection Home library Current library Shelving location Date acquired Source of acquisition Cost, normal purchase price Total Checkouts Full call number Barcode Date last seen Copy number Price effective from Koha item type
          Abhijit Kadam Institute of Management & Social Science, Solapur Abhijit Kadam Institute of Management & Social Science, Solapur   31/12/1996 Himalay Publishing House 98.00   330 DES AKS-M-03236 01/03/2023 2 01/03/2023 Book
          Abhijit Kadam Institute of Management & Social Science, Solapur Abhijit Kadam Institute of Management & Social Science, Solapur   31/12/1996 Himalay Publishing House 98.00   330 DES AKS-M-03235 01/03/2023 1 01/03/2023 Book